Charlemagne créateur d'empire

محفوظ في:
التفاصيل البيبلوغرافية
المؤلف الرئيسي: Baker, G. P (مؤلف)
التنسيق: كتاب
اللغة:الفرنسية
منشور في: París Payot 1936
سلاسل:Bibliotheque Historique
الموضوعات:
الوسوم: إضافة وسم
لا توجد وسوم, كن أول من يضع وسما على هذه التسجيلة!

MARC

LEADER 00000nam a2200000 a 4500
001 UCP9867
003 CL-VaPUC
008 000407e19360000FR |||||||||||||||||fre|d
082 0 4 |a 940.1  |b BAK  |2 21 
100 0 |a Baker, G. P  |e author  |9 440755 
245 1 0 |a Charlemagne créateur d'empire 
300 |a 308 p 
942 |c BK 
945 |d 20000407 00:00:00  |a rherrera 
260 |a París  |b Payot  |c 1936 
600 0 |a Carlomagno  |9 343111 
650 0 |a Historia de Europa  |9 392003 
650 0 |a Edad media  |9 258041 
650 7 |a FRANCOS  |2 CL-VaPUC  |9 439372 
650 0 |a Imperio Romano  |9 322785 
583 |a last modification  |c 20000407 00:00:00  |k Rodrigo Vera 
490 0 |a Bibliotheque Historique 
999 |c 286647  |d 286645 
952 |0 0  |1 0  |4 0  |6 940_100000000000000_BAK_1936  |7 0  |8 X  |9 332692  |a BIBHIS  |b BIBHIS  |d 2019-11-20  |i 1262130  |o 940.1 BAK 1936  |p 1262130  |r 2024-01-30  |w 2019-11-20  |y BK_X  |k HIS